[Event "Cearense-ch 69th"]
[Site "Fortaleza"]
[Date "2000.09.24"]
[Round "3"]
[White "Sergio, Jose"]
[Black "Ramon, Samuel"]
[Result "0-1"]
[WhiteElo "1800"]
[BlackElo "1800"]
[PlyCount "66"]
[EventDate "2000.??.??"]
[EventType "swiss"]
[EventRounds "9"]
[EventCountry "BRA"]
[SourceTitle "EXT 2003"]
[Source "ChessBase"]
[SourceDate "2002.11.25"]
[SourceVersion "1"]
[SourceVersionDate "2002.11.25"]
[SourceQuality "1"]

1. e4 c6 2. Nf3 d5 3. Nc3 Nf6 4. d4 dxe4 5. Bg5 exf3 6. Qxf3 Nd5 7. Nxd5 cxd5 8. 0-0-0 Qa5 9. a3 Nc6 10. Bd2 Qb6 11. c3 e6 12. Kb1 Bxa3 13. Bc1 Na5 14. c4 Nb3 15. cxd5 Nxc1 16. Rd2 Bxb2 17. Rxb2 Qxd4 18. Kxc1 Bd7 19. Qb3 Qxd5 20. Qxd5 exd5 21. Rxb7 a5 22. Bb5 Bxb5 23. Re1+ Kd8 24. Rxb5 Kc7 25. Rxd5 Rhe8 26. Rxa5 Rxe1+ 27. Kd2 Rxa5 28. Kxe1 Ra2 29. g3 Kd6 30. Kf1 Ke5 31. Kg2 Ke4 32. Kh3 Rxf2 33. g4 Kf4 0-1